LEADER 01766nam 2200397 450 001 000006720 005 20050718115200.0 010 $a88-203-0333-7 100 $a20001220d1985----km-y0itay0103----ba 101 0 $aita 102 $aIT 200 1 $aGeologia applicata all'ingegneria$emezzi e metodi d'esplorazione del sottosuolo, idrogeologia, geomorfologia applicata, geologia delle costruzioni, geologia mineraria$fArdito Desio 205 $a3. ed. riveduta e aggiornata 210 $aMilano$cHoepli$dc1985 215 $aXXVIII, 1193 p.$cill.$d25 cm. 606 $aGeologia 676 $a624.151$v(20. ed.)$9Ingegneria civile. Geologia tecnica 700 1$aDesio,$bArdito$028797 801 0$aIT$bUniversità della Basilicata - B.I.A.$gRICA$2unimarc 912 $a000006720 996 $aGeologia applicata all'ingegneria$946575 997 $aUNIBAS BAS $aMONAGR BAS $aMONOGR BAS $aAGRARIA CAT $aTORRE$b20$c20001220$lBAS01$h1034 CAT $c20050601$lBAS01$h1753 CAT $abatch$b01$c20050718$lBAS01$h1049 CAT $c20050718$lBAS01$h1108 CAT $c20050718$lBAS01$h1138 CAT $c20050718$lBAS01$h1152 FMT Z30 -1$lBAS01$LBAS01$mBOOK$1BASA2$APolo Tecnico-Scientifico$2DID$BDidattica$3PTS.s3.p2.13$657015$5A57015$820010209$f98$FConsultazione Z30 -1$lBAS01$LBAS01$mBOOK$1BASA2$APolo Tecnico-Scientifico$2DID$BDidattica$3PTS.s3.p2.13A$671374$5A71374$820010209$f04$FPrestabile Didattica Z30 -1$lBAS01$LBAS01$mBOOK$1BASA2$APolo Tecnico-Scientifico$2DID$BDidattica$3PTS.s3.p2.13B$676226$5A76226$820001220$f04$FPrestabile Didattica Z30 -1$lBAS01$LBAS01$mBOOK$1BASA2$APolo Tecnico-Scientifico$2DID$BDidattica$3PTS.s3.p2.13C$664992$5A65471$820031117$f04$FPrestabile Didattica